| 000 | 00459nam a2200169Ia 4500 | ||
|---|---|---|---|
| 008 | 131103s9999 xx 000 0 und d | ||
| 040 | _aLoreto College | ||
| 041 | _aEnglish | ||
| 082 |
_a891.443/GAN _bLCLIB/BnSem/20460 |
||
| 100 | _aGanguly, Narayan | ||
| 245 |
_aChotogalper simarekha _cNarayan Ganguly |
||
| 260 |
_aCalcutta _bBengal Pub _c1970 |
||
| 300 |
_a138p _c 22cm |
||
| 650 | _aBengali Fiction | ||
| 651 | _aBengali Short Stories | ||
| 942 | _cBK | ||
| 999 |
_c19921 _d70400 |
||